| 000 | 00885 a2200265 4500 | ||
|---|---|---|---|
| 003 | OSt | ||
| 005 | 20180116192401.0 | ||
| 008 | 120702t xxu||||| |||| 00| 0 eng d | ||
| 010 | _a 91019795 | ||
| 020 | _a0520075161 | ||
| 020 | _a9780714827919 | ||
| 040 | _c0 | ||
| 082 | 0 | 0 | _a701.1 |
| 100 | 1 |
_aGombrich, E. H. _95082 |
|
| 245 | 1 | 0 |
_aTopics of our time : _btwentieth-century issues in learning and in art / _cE.H. Gombrich. |
| 260 |
_aBerkeley : _bUniversity of California Press, _c1991. |
||
| 300 |
_a223 p. : _bill. ; _c25 cm. |
||
| 650 | 1 | 0 |
_aArt, Modern _y20th century. _95083 |
| 650 | 1 | 0 |
_aLearning and scholarship _xHistory _y20th century. _95084 |
| 650 | 1 | 0 |
_aCultural relativism. _95085 |
| 650 | 1 | 0 |
_aArt appreciation _95086 |
| 650 | 1 | 0 |
_aAppreciation _xarts _95087 |
| 942 |
_aSADA _cBK _k701.1 GOM 1991 _2ddc |
||
| 999 |
_c353302 _d353302 |
||